[Event "Mogliano Veneto op-B 38th"]
[Site "Mogliano Veneto"]
[Date "2017.04.29"]
[Round "1.23"]
[White "Cattaruzzo, Nicolo"]
[Black "Kove, Sotir"]
[Result "1/2-1/2"]
[WhiteElo "1766"]
[BlackElo "1606"]
[PlyCount "92"]
[EventDate "2017.04.29"]
[EventType "swiss"]
[EventRounds "5"]
[EventCountry "ITA"]
[SourceTitle "EXT 2023"]
[Source "ChessBase"]
[SourceDate "2022.10.05"]
[SourceVersion "1"]
[SourceVersionDate "2022.10.05"]
[SourceQuality "1"]

1. d4 d5 2. Bg5 Nf6 3. Bxf6 exf6 4. c4 dxc4 5. Nc3 c6 6. a4 Bb4 7. e3 Be6 8. Qc2 0-0 9. Nf3 Re8 10. Be2 Na6 11. 0-0 Nc7 12. Na2 Bd6 13. Bxc4 Qd7 14. Bd3 g6 15. Nc3 Bg4 16. Nd2 Be6 17. Nde4 Be7 18. b4 Nd5 19. Nxd5 Bxd5 20. Nc5 Qc8 21. e4 Be6 22. b5 Rd8 23. bxc6 bxc6 24. Ba6 Qc7 25. Nxe6 fxe6 26. d5 exd5 27. exd5 Qb6 28. Qxc6 Rab8 29. a5 Qb4 30. Qe6+ Kf8 31. Rfe1 Qd6 32. Qe3 Rd7 33. Qh6+ Kg8 34. Bc4 Bf8 35. Qh3 Bg7 36. Re6 Qf4 37. Rc6 Rdb7 38. Rc8+ Bf8 39. Rxb8 Rxb8 40. Qe6+ Kh8 41. d6 Bxd6 42. g3 Qe5 43. Re1 Qxe6 44. Rxe6 Be5 45. Re7 Rc8 46. Ba6 Rc7 1/2-1/2

[Event "Noale Szabados Memorial-B 1st"]
[Site "Noale"]
[Date "2008.02.10"]
[Round "5"]
[White "Mazzella, Riccardo"]
[Black "Kove, Sotir"]
[Result "0-1"]
[WhiteElo "1374"]
[BlackElo "1401"]
[PlyCount "66"]
[EventDate "2008.02.08"]
[EventType "swiss"]
[EventRounds "5"]
[EventCountry "ITA"]
[SourceTitle "EXT 2022"]
[Source "ChessBase"]
[SourceDate "2021.10.06"]
[SourceVersion "1"]
[SourceVersionDate "2021.10.06"]
[SourceQuality "1"]

1. d4 d5 2. c4 g6 3. Nf3 Bg7 4. Nc3 Nf6 5. Bg5 dxc4 6. e3 Be6 7. Qa4+ c6 8. Ne5 b5 9. Nxb5 cxb5 10. Qxb5+ Bd7 11. Qxc4 0-0 12. b4 Nc6 13. f4 Rc8 14. Qb3 Nxe5 15. dxe5 Ne4 16. Rd1 Rc3 17. Qb2 Rxe3+ 18. Be2 Nc3 19. Rd2 Qb6 20. Bxe7 Rxe2+ 21. Rxe2 Nxe2 22. Bxf8 Bxf8 23. Kxe2 Bxb4 24. Kf3 Bc6+ 25. Kg4 Bd7+ 26. Kf3 Qb7+ 27. Ke3 Bc5+ 28. Qd4 Bxd4+ 29. Kxd4 Qb6+ 30. Kd3 Bf5+ 31. Kd2 Qd4+ 32. Ke2 Bg4+ 33. Ke1 Qe3+ 0-1